| 000 | 00452nam a22001337a 4500 | ||
|---|---|---|---|
| 040 | _cNUST | ||
| 082 | _aPRO 220 | ||
| 100 |
_aMuhammad Atif Babar Nawal Fatima Saleha Noor _9100401 |
||
| 110 |
_aProject Supervisor Dr Hamid Jabbar Dr Mohsin Tiwana LE Hafiz Umar Aslam _9100402 |
||
| 245 | _aPR-SOF-2143-ML Based Arrhythmia Detecting ECG System | ||
| 260 |
_aISLAMABAD: _bNUST COLLEGE OF EME, _c2022. |
||
| 650 |
_aDE-MTS-40 _998604 |
||
| 942 |
_2ddc _cPR |
||
| 999 |
_c591855 _d591855 |
||